000 00738nam a22002537a 4500
001 BR7806498
003 BR-BrBNA
005 20230928085748.0
007 ta
008 230509b bl.||||| |||| 00| 0 por d
040 _aBR-BrBNA
_bpor
_cBiblioteca Nacional de Agricultura
041 _a(Por)
072 _aA00
_b/G514
090 _ A00 BR7806498
110 1 _aMinisterio da Educacao e Cultura, Brasilia, DF (Brasil). Secretaria Geral
_97016
245 1 _aCatalogo do banco de teses [agricultura, Bibliografia, Brasil]
_bv. 3
260 3 _aBrasilia, DF (Brasil):
_c1978.
300 _a598 p.
500 _aSummary only
650 _aAGRICULTURA
650 _aBIBLIOGRAFIA
909 _a202309
_bLucia
_c55
_dLucia Elande
942 _cBK
999 _c26185
_d26185